| 000 | 00403nam a22001457a 4500 | ||
|---|---|---|---|
| 003 | OSt | ||
| 005 | 20260425013303.0 | ||
| 008 | 260425b |||||||| |||| 00| 0 eng d | ||
| 020 | _a962-8936-05-0 | ||
| 040 |
_aDWCL Main Lib _cOC |
||
| 082 | _aCirc. 425 B135e 2006 | ||
| 245 | _aEnglish for modern living : special verbs | ||
| 260 |
_aLondon _bMarshall Cavedish _c2006 |
||
| 942 |
_2ddc _cBK-CIRC _hCirc. _n0 |
||
| 999 |
_c9878 _d9878 |
||